Najczęściej odwiedzane państwa przez papieży - Statystyki

Ogólne statystyki
  • Ten quiz został rozwiązany 19 601 razy
    8 466 od ostatniego zresetowania
  • Średni wynik to 14 z 23
Statystyki odpowiedzi
# odwiedzin Państwo % Poprawnych
11 Polska
99%
11 Stany Zjednoczone
94%
10 Francja
93%
6 Niemcy
93%
7 Hiszpania
91%
6 Brazylia
85%
4 Kanada
80%
8 Portugalia
80%
7 Meksyk
79%
4 Czechy
71%
4 Słowacja
68%
4 Austria
65%
6 Szwajcaria
60%
4 Australia
59%
4 Węgry
55%
4 Chorwacja
52%
4 Turcja
48%
4 Izrael
44%
4 Filipiny
33%
5 Malta
26%
4 Kuba
23%
4 Kenia
20%
4 Jordania
13%
Nie znaleziono quizów pasujących do podanych kryteriów
Rozkład punktacji
Procent ludzi z każdym wynikiem
Percentyl według liczby udzielonych odpowiedzi
Twoja historia wyników
Nie rozwiązałeś tego quizu od ostatniego zresetowania